000 00767nam a2200241Ia 4500
003 OSt
005 20220925183211.0
006 a|||||r|||| 00| 0
007 ta
008 220923b |||||||| |||| 00| 0 eng d
037 _cGeneral Book
040 _aRTL
_cRTL
_beng
041 _2eng
_aeng
082 _aX9(J):8.2.N69, K9
110 _aSaini(G.R) and Gupta (Arjun Sen )
_9257981
245 0 _aFarmsize ,productivity and returns to scale
260 _aDelhi
_bDelhi school of Economics
_c1969
300 _aVarious pagination
_ccm.
500 _aWorking paper no.59; The document contains various articles
700 _aSaini(G.R) and Gupta (Arjun Sen )
_9257982
942 _hX9(J):8.2.N69, K9
_cGB
_2CC
999 _c504188
_d504188